New headway english course; beginner student's book /
Guardado en:
| Autor Principal: | |
|---|---|
| Otros Autores: | |
| Formato: | Libro |
| Publicado: |
Oxford :
Oxford University,
2002
|
| Materias: | |
| Etiquetas: |
Agregar Etiqueta
Sin Etiquetas, Sea el primero en etiquetar este registro!
|
| LEADER | 00505nam a22001815a 4500 | ||
|---|---|---|---|
| 001 | CEM.cems011173 | ||
| 005 | 20060214000000.0 | ||
| 008 | 130507s2002##################000#0#####d | ||
| 003 | CEMS | ||
| 082 | 0 | 4 | |a 428.64 |
| 100 | 1 | |a Soars, Liz | |
| 245 | 1 | 0 | |a New headway english course; beginner student's book / |
| 260 | |a Oxford : |b Oxford University, |c 2002 | ||
| 300 | |a 142 p. | ||
| 653 | |a Ingles | ||
| 653 | |a Ingles-textos | ||
| 700 | 1 | |a Soars, John | |
| 859 | |a CEMS |b BIB. CEMS - 11 de abril |h 428.64 |i SO11-2 |p 22048.03 |t Ej.1 | ||
